El Servicio de Farmacia del Ejército Nacional durante la guerra de liberación (Record no. 117265)

MARC details
000 -LEADER
campo de control de longitud fija 00605nam a2200169 i 4500
001 - NÚMERO DE CONTROL
campo de control 117265
003 - IDENTIFICADOR DE NÚMERO DE CONTROL
campo de control ES-MaACL
005 - FECHA Y HORA DE LA ÚLTIMA TRANSACCIÓN
campo de control 20230906190849.0
007 - CAMPO FIJO DE DESCRIPCIÓN FÍSICA--INFORMACIÓN GENERAL
campo de control de longitud fija t|
008 - DATOS DE LONGITUD FIJA--INFORMACIÓN GENERAL
campo de control de longitud fija 071121s1941 sp |||| | spa d
100 1# - ENTRADA PRINCIPAL--NOMBRE DE PERSONA
Nombre de persona Peña Torrea, Francisco.
9 (RLIN) 90282
245 13 - MENCIÓN DEL TÍTULO
Título El Servicio de Farmacia del Ejército Nacional durante la guerra de liberación
Resto del título : su organización, funcionamiento y enseñanzas /
Mención de responsabilidad, etc. Francisco Peña Torrea.
260 ## - PUBLICACIÓN, DISTRIBUCIÓN, ETC.
Lugar de publicación, distribución, etc. Madrid :
Nombre del editor, distribuidor, etc. [s.n.],
Fecha de publicación, distribución, etc. 1941 (
Fabricante Imp. Murillo)
300 ## - DESCRIPCIÓN FÍSICA
Extensión 254 p. ;
Dimensiones 23 cm.
650 #4 - PUNTO DE ACCESO ADICIONAL DE MATERIA--TÉRMINO DE MATERIA
Término de materia o nombre geográfico como elemento de entrada Sanidad militar-
Subdivisión geográfica España-
Subdivisión cronológica 1936-1939.
9 (RLIN) 167543
852 ## - LOCALIZACIÓN
Ubicación ES-MaACL
Número de control de estantería B-9244
Holdings
Estatus retirado Estado de pérdida Estado de daño No para préstamo Biblioteca de origen Biblioteca actual Ubicación en estantería Fecha de adquisición Fuente de adquisición Total de préstamos Signatura topográfica completa Código de barras Visto por última vez Precio de reemplazo Tipo de ítem Koha
        Biblioteca del Ateneo de Madrid Biblioteca del Ateneo de Madrid Sala Pardo Bazán 17/01/2008     B-9244 1122263 23/02/2023 23/02/2023 Libro impreso